Five Countries with the Most Cars per Capita by Continent - Statistics

General Stats
  • This quiz has been taken 75 times
  • The average score is 15 of 30
Answer Stats
Population County % Correct
North America 868 United States
86%
North America 730 Canada
84%
Asia 624 Japan
83%
Oceania 748 Australia
74%
Africa 232 South Africa
74%
South America 373 Argentina
73%
South America 366 Brazil
73%
Oceania 897 New Zealand
73%
South America 293 Chile
70%
South America 324 Colombia
66%
Europe 910 Monaco
63%
Europe 1,050 Andorra
57%
Europe 1,300 San Marino
54%
Europe 926 Liechtenstein
53%
Oceania 145 Fiji
50%
South America 446 Suriname
47%
Asia 591 Qatar
46%
North America 650 Bahamas
44%
Africa 177 Tunisia
40%
Oceania 174 Tonga
37%
Asia 556 Kuwait
36%
North America 550 Dominica
31%
Europe 849 Poland
31%
Oceania 455 Nauru
29%
Asia 578 Cyprus
26%
Africa 242 Seychelles
23%
Asia 614 Brunei
21%
Africa 391 Republic of the Congo
20%
North America 479 St. Kitts and Nevis
19%
Africa 164 Sao Tome & Principe
17%
No matching quizzes found
Score Distribution
Percent of People with Each Score
Percentile by Number Answered
Your Score History
You have not taken this quiz